00584nam a2200193Ia 4500003000900000008004100009020001800050040001600068080001900084245010100103260003600204300001500240650004100255650001700296650001600313650001800329700002200347700002100369IN-BaIIA211028s9999 xx 000 0 eng d a0-7204-0720-3 cIIA Library a063:53bENF-65 0aPhysics and Astrophysics of Neutron Stars and Black Holescedited by R. Giacconi and R. Ruffini. aNew YorkbD. Van Nostrandc1978 axxv, 871p. aAstronomy and Astrophysics Thesaurus aAstrophysics aBlack Holes aNeutron Stars aGiacconi, R., ed. aRuffini, R., ed.